00348nam a2200169Ia 4500003000900000008004100009040001300050040001300063041000800076100002200084245002400106260001200130260000900142300001100151300001000162490000600172IT-RoPAU120407s9999 xx 000 0 und d aIT-RoPAU cIT-RoPAU aita aCristoforo Fabris aMemorie manzoniane. aSansoni c1959 a117 p. c20 cm v1